[Event "10. Torneo I. Cidade de Pontevedra 2022"]
[Site "Pontevedra ESP"]
[Date "2022.07.25"]
[Round "2.10"]
[White "Gonzalez Perez, Arian"]
[Black "Patino Romaris, Juan Roberto"]
[Result "1-0"]
[WhiteElo "2418"]
[BlackElo "2093"]
[PlyCount "89"]
[EventDate "2022.07.24"]
[EventType "swiss"]
[EventRounds "9"]
[EventCountry "ESP"]
[SourceTitle "Ajedrez en Madrid"]
[Source "lmi"]
[SourceDate "2022.07.24"]
[SourceVersion "1"]
[SourceVersionDate "2022.08.06"]
[SourceQuality "1"]

1. e4 e6 2. d4 d5 3. Nc3 Bb4 4. e5 c5 5. a3 Bxc3+ 6. bxc3 Qa5 7. Bd2 Qa4 8. Qb1
c4 9. Ne2 Nc6 10. Nf4 Bd7 11. Be2 O-O-O 12. O-O Nge7 13. Nh5 Rhg8 14. g4 Rdf8
15. f4 f6 16. exf6 gxf6 17. Ng3 e5 18. fxe5 fxe5 19. Rxf8+ Rxf8 20. Be3 exd4
21. cxd4 Be8 22. c3 Bg6 23. Qb2 Bd3 24. Bxd3 cxd3 25. Qd2 Qa6 26. Bg5 Ng6 27.
Nf5 Na5 28. Rd1 Nc4 29. Qxd3 Qe6 30. Rf1 Rg8 31. h4 Nxh4 32. Bxh4 Rxg4+ 33. Kh2
Ne3 34. Qxe3 Rxh4+ 35. Kg3 Re4 36. Qh6 Qg8+ 37. Qg7 Re3+ 38. Rf3 Rxf3+ 39. Kxf3
Qe6 40. Qe5 Qf7 41. Kf4 b5 42. Qxd5 Qxd5 43. Ne7+ Kd7 44. Nxd5 a5 45. Ke5 1-0

[Event "10. Torneo I. Cidade de Pontevedra 2022"]
[Site "Pontevedra ESP"]
[Date "2022.07.25"]
[Round "2.11"]
[White "Antonano Fernandez-Quincoces, Av"]
[Black "Martinez Reyes, Pedro Ramon"]
[Result "0-1"]
[WhiteElo "1981"]
[BlackElo "2408"]
[PlyCount "72"]
[EventDate "2022.07.24"]
[EventType "swiss"]
[EventRounds "9"]
[EventCountry "ESP"]
[SourceTitle "Ajedrez en Madrid"]
[Source "lmi"]
[SourceDate "2022.07.24"]
[SourceVersion "1"]
[SourceVersionDate "2022.08.06"]
[SourceQuality "1"]

1. e4 e6 2. d4 d5 3. Nd2 Nf6 4. Bd3 c5 5. c3 Nc6 6. Ngf3 cxd4 7. cxd4 dxe4 8.
Nxe4 Be7 9. O-O Nb4 10. Bb1 Bd7 11. a3 Nbd5 12. Re1 Rc8 13. Ne5 O-O 14. Qd3 Qa5
15. b4 Qb5 16. Qh3 Nxe4 17. Bxe4 f5 18. Bd3 Qa4 19. Bd2 Bd6 20. Rac1 Bxe5 21.
dxe5 Rxc1 22. Bxc1 Bb5 23. Bxb5 Qxb5 24. Bd2 Qc4 25. Rc1 Qe2 26. Be3 Qb2 27.
Rd1 Qxa3 28. Bc5 Qxh3 29. gxh3 Rc8 30. Bxa7 b6 31. Rxd5 exd5 32. Bxb6 Kf7 33.
Bc5 f4 34. Kg2 Ke6 35. Bd6 Rc3 36. h4 d4 0-1

[Event "10. Torneo I. Cidade de Pontevedra 2022"]
[Site "Pontevedra ESP"]
[Date "2022.07.25"]
[Round "2.12"]
[White "Bernal Moro, Luis Javier"]
[Black "Reguillaga Elias, Manex"]
[Result "1-0"]
[WhiteElo "2404"]
[BlackElo "1901"]
[PlyCount "61"]
[EventDate "2022.07.24"]
[EventType "swiss"]
[EventRounds "9"]
[EventCountry "ESP"]
[SourceTitle "Ajedrez en Madrid"]
[Source "lmi"]
[SourceDate "2022.07.24"]
[SourceVersion "1"]
[SourceVersionDate "2022.08.06"]
[SourceQuality "1"]

1. c4 e5 2. Nc3 Nc6 3. Nf3 Nf6 4. e4 Bb4 5. d3 d6 6. h3 h6 7. Be2 Be6 8. Be3
Nd7 9. a3 Ba5 10. O-O Bb6 11. d4 exd4 12. Nxd4 Nxd4 13. Bxd4 O-O 14. f4 f5 15.
exf5 Bxf5 16. Bf3 Rb8 17. Nd5 Bxd4+ 18. Qxd4 Nc5 19. Rae1 Ne6 20. Qd2 Nc5 21.
b4 Nd7 22. Qd4 Nb6 23. Re7 Rf7 24. Rfe1 Qf8 25. Rxf7 Kxf7 26. Nxb6 axb6 27.
Qd5+ Kg6 28. g4 Bxg4 29. Bxg4 Qxf4 30. Qd3+ Kg5 31. Rf1 1-0

[Event "10. Torneo I. Cidade de Pontevedra 2022"]
[Site "Pontevedra ESP"]
[Date "2022.07.25"]
[Round "2.13"]
[White "Bartolo, Filipe Diogo Correi"]
[Black "Lu, Maximillian"]
[Result "1-0"]
[WhiteElo "1815"]
[BlackElo "2398"]
[PlyCount "71"]
[EventDate "2022.07.24"]
[EventType "swiss"]
[EventRounds "9"]
[EventCountry "ESP"]
[SourceTitle "Ajedrez en Madrid"]
[Source "lmi"]
[SourceDate "2022.07.24"]
[SourceVersion "1"]
[SourceVersionDate "2022.08.06"]
[SourceQuality "1"]

1. e4 c6 2. d4 d5 3. Nc3 dxe4 4. Nxe4 Bf5 5. Ng3 Bg6 6. Nf3 e6 7. Bd3 Bxd3 8.
Qxd3 Nf6 9. O-O Be7 10. h3 O-O 11. Ne4 Nbd7 12. Nxf6+ Bxf6 13. Be3 Qc7 14. Bg5
Rfd8 15. Bxf6 Nxf6 16. Qe2 Rd5 17. c3 Rad8 18. Qc2 Qf4 19. Rae1 Qc7 20. Ra1 h6
21. Rae1 a5 22. Rd1 b5 23. Rc1 Qf4 24. Qd2 Qc7 25. Qc2 g5 26. c4 bxc4 27. Qxc4
R8d6 28. Rfe1 h5 29. Ne5 Rxd4 30. Qc3 Re4 31. Qg3 Nh7 32. Rc4 h4 33. Qc3 Rxc4
34. Qxc4 c5 35. Rc1 Rd4 36. Qxd4 1-0

[Event "10. Torneo I. Cidade de Pontevedra 2022"]
[Site "Pontevedra ESP"]
[Date "2022.07.25"]
[Round "2.14"]
[White "Grieve, Harry"]
[Black "Gonzalez Carro, Victor"]
[Result "1-0"]
[WhiteElo "2390"]
[BlackElo "1808"]
[PlyCount "93"]
[EventDate "2022.07.24"]
[EventType "swiss"]
[EventRounds "9"]
[EventCountry "ESP"]
[SourceTitle "Ajedrez en Madrid"]
[Source "lmi"]
[SourceDate "2022.07.24"]
[SourceVersion "1"]
[SourceVersionDate "2022.08.06"]
[SourceQuality "1"]

1. e4 c5 2. Nf3 d6 3. d4 cxd4 4. Nxd4 Nf6 5. Nc3 g6 6. Be3 Bg7 7. f3 O-O 8. Qd2
Nc6 9. O-O-O d5 10. Qe1 e5 11. Nxc6 bxc6 12. exd5 Nxd5 13. Bc4 Be6 14. Ne4 Qc7
15. Bc5 Rfd8 16. Qh4 h6 17. g4 Rd7 18. g5 h5 19. Qf2 Rad8 20. h4 Nf4 21. Rxd7
Rxd7 22. Bxe6 Nxe6 23. Be3 Qa5 24. Kb1 c5 25. Bxc5 Rb7 26. Be3 Nd4 27. c3 Nb5
28. Ka1 Qc7 29. Rd1 Rb8 30. Qd2 Qc4 31. Qd3 Qa4 32. Bc5 Qa5 33. Qd7 Qa6 34. Re1
Rb7 35. Qc8+ Kh7 36. Bf8 Nxc3 37. Nxc3 Qb6 38. Na4 Qa5 39. Rc1 Bxf8 40. Qxf8
Rc7 41. Nc3 Qc5 42. Qxc5 Rxc5 43. Kb1 Kg7 44. Ne4 Rd5 45. Rc8 f5 46. gxf6+ Kf7
47. Rc7+ 1-0

[Event "10. Torneo I. Cidade de Pontevedra 2022"]
[Site "Pontevedra ESP"]
[Date "2022.07.25"]
[Round "2.15"]
[White "Fernandez Rivero, Karla July"]
[Black "Mirzoev, Emil"]
[Result "0-1"]
[WhiteElo "2058"]
[BlackElo "2493"]
[PlyCount "72"]
[EventDate "2022.07.24"]
[EventType "swiss"]
[EventRounds "9"]
[EventCountry "ESP"]
[SourceTitle "Ajedrez en Madrid"]
[Source "lmi"]
[SourceDate "2022.07.24"]
[SourceVersion "1"]
[SourceVersionDate "2022.08.06"]
[SourceQuality "1"]

1. d4 Nf6 2. c4 d6 3. Nf3 g6 4. Nc3 Bf5 5. e3 Bg7 6. Bd3 Bxd3 7. Qxd3 O-O 8.
O-O Nbd7 9. e4 e5 10. dxe5 dxe5 11. Rd1 c6 12. h3 Qe7 13. Bg5 Nc5 14. Qc2 Ne6
15. Be3 Nh5 16. Rd2 f5 17. Rad1 f4 18. Rd7 Qe8 19. Bc1 Nd4 20. Rxg7+ Nxg7 21.
Nxd4 exd4 22. Rxd4 Rd8 23. Qd1 Ne6 24. Rxd8 Qxd8 25. Qxd8 Rxd8 26. Kf1 g5 27.
Ke2 Nd4+ 28. Ke1 f3 29. gxf3 Nxf3+ 30. Kf1 h6 31. b3 Rd3 32. Bb2 Rd2 33. Ba1
Rc2 34. Kg2 Ne1+ 35. Kg3 Nd3 36. Na4 b5 0-1

[Event "10. Torneo I. Cidade de Pontevedra 2022"]
[Site "Pontevedra ESP"]
[Date "2022.07.25"]
[Round "2.16"]
[White "Cabanas Rodriguez, Roi"]
[Black "Gascon Del Nogal, Jose Rafael"]
[Result "0-1"]
[WhiteElo "1945"]
[BlackElo "2449"]
[PlyCount "44"]
[EventDate "2022.07.24"]
[EventType "swiss"]
[EventRounds "9"]
[EventCountry "ESP"]
[SourceTitle "Ajedrez en Madrid"]
[Source "lmi"]
[SourceDate "2022.07.24"]
[SourceVersion "1"]
[SourceVersionDate "2022.08.06"]
[SourceQuality "1"]

1. c4 e5 2. g3 Nc6 3. Bg2 Bc5 4. Nc3 a6 5. e3 d6 6. a3 Ba7 7. b4 h5 8. Nf3 Nge7
9. O-O Be6 10. Qe2 Qd7 11. Rd1 Bg4 12. Rb1 h4 13. a4 hxg3 14. hxg3 Qf5 15. d3
Qh5 16. b5 Nd8 17. d4 Ne6 18. Rd3 f5 19. dxe5 dxe5 20. e4 Nd4 21. Qd1 Nxf3+ 22.
Rxf3 Bd4 0-1

[Event "10. Torneo I. Cidade de Pontevedra 2022"]
[Site "Pontevedra ESP"]
[Date "2022.07.25"]
[Round "2.17"]
[White "Cabezas Ayala, Ivan"]
[Black "Ereza Vizcarra, Fernando"]
[Result "1/2-1/2"]
[WhiteElo "2296"]
[BlackElo "2131"]
[PlyCount "101"]
[EventDate "2022.07.24"]
[EventType "swiss"]
[EventRounds "9"]
[EventCountry "ESP"]
[SourceTitle "Ajedrez en Madrid"]
[Source "lmi"]
[SourceDate "2022.07.24"]
[SourceVersion "1"]
[SourceVersionDate "2022.08.06"]
[SourceQuality "1"]

1. e4 d6 2. d4 Nf6 3. Nc3 e5 4. Nf3 Nbd7 5. Bc4 Be7 6. O-O O-O 7. Re1 c6 8. a4
b6 9. h3 a6 10. Ba2 Rb8 11. Be3 b5 12. axb5 axb5 13. b4 Qc7 14. Bb3 Nb6 15. Qd3
h6 16. dxe5 dxe5 17. Bc5 Re8 18. Red1 Bxc5 19. bxc5 Nbd7 20. Qe3 Nf8 21. Nh4
Be6 22. Rd6 Red8 23. Bxe6 Nxe6 24. Nf5 Kh7 25. Ra6 Rbc8 26. Na2 Ne8 27. Rxd8
Qxd8 28. Nb4 Qd7 29. Nd3 f6 30. Qg3 N8c7 31. Ra7 Ra8 32. Rxa8 Nxa8 33. Qg4 Nac7
34. Kh2 Qf7 35. Nd6 Qf8 36. Qf5+ g6 37. Qg4 h5 38. Qd1 Ne8 39. Nxe8 Qxe8 40.
Qa1 Qd7 41. Qa8 Kg7 42. Qb8 Nd4 43. Nb4 Ne6 44. Qb6 Qd4 45. Qxc6 Nxc5 46. Qc7+
Kh6 47. Nd5 Qxf2 48. Nxf6 Qf4+ 49. Kh1 Qc1+ 50. Kh2 Qf4+ 51. Kh1 1/2-1/2

[Event "10. Torneo I. Cidade de Pontevedra 2022"]
[Site "Pontevedra ESP"]
[Date "2022.07.25"]
[Round "2.18"]
[White "Grana Castanal, Andres"]
[Black "Krutti, Valer"]
[Result "0-1"]
[WhiteElo "1917"]
[BlackElo "2292"]
[PlyCount "51"]
[EventDate "2022.07.24"]
[EventType "swiss"]
[EventRounds "9"]
[EventCountry "ESP"]
[SourceTitle "Ajedrez en Madrid"]
[Source "lmi"]
[SourceDate "2022.07.24"]
[SourceVersion "1"]
[SourceVersionDate "2022.08.06"]
[SourceQuality "1"]

1. e4 c6 2. Nc3 d5 3. Nf3 Bg4 4. h3 Bxf3 5. Qxf3 e6 6. Be2 Nd7 7. O-O Ngf6 8.
d3 g6 9. g3 Bg7 10. Qg2 Qb6 11. Kh1 dxe4 12. dxe4 O-O 13. f4 Rad8 14. g4 Nc5
15. f5 exf5 16. gxf5 Rde8 17. Bc4 Qb4 18. fxg6 Qxc4 19. gxh7+ Kh8 20. Rg1 Nh5
21. Qg4 Re5 22. Bf4 Nxe4 23. Raf1 Nef6 24. Qxg7+ Nxg7 25. Bxe5 Nfe8 26. Rg4 0-1

[Event "10. Torneo I. Cidade de Pontevedra 2022"]
[Site "Pontevedra ESP"]
[Date "2022.07.25"]
[Round "2.19"]
[White "Contin, Daniel"]
[Black "Carballo Noya, Miguel"]
[Result "1-0"]
[WhiteElo "2206"]
[BlackElo "1910"]
[PlyCount "59"]
[EventDate "2022.07.24"]
[EventType "swiss"]
[EventRounds "9"]
[EventCountry "ESP"]
[SourceTitle "Ajedrez en Madrid"]
[Source "lmi"]
[SourceDate "2022.07.24"]
[SourceVersion "1"]
[SourceVersionDate "2022.08.06"]
[SourceQuality "1"]

1. Nf3 c5 2. e4 e6 3. c4 b6 4. Nc3 Bb7 5. g3 d6 6. d4 cxd4 7. Nxd4 Nf6 8. Bg2
a6 9. O-O Qc7 10. Be3 Be7 11. Rc1 Nbd7 12. f4 O-O 13. f5 Nc5 14. fxe6 Nxe6 15.
Nd5 Qd8 16. Nf5 Bxd5 17. exd5 Nc5 18. Bd4 Ncd7 19. Qd2 Ng4 20. Bxg7 Bg5 21. Qd4
Nde5 22. Rce1 Rc8 23. b3 Re8 24. h3 Ne3 25. Rxe3 Bxe3+ 26. Qxe3 Ng4 27. Qd4 Ne5
28. Bxe5 Rxe5 29. Qg4+ Kf8 30. Qg7+ 1-0

[Event "10. Torneo I. Cidade de Pontevedra 2022"]
[Site "Pontevedra ESP"]
[Date "2022.07.25"]
[Round "2.20"]
[White "Deleyn, Gunter"]
[Black "Sanroman Costas, Mauro"]
[Result "1/2-1/2"]
[WhiteElo "2181"]
[BlackElo "1934"]
[PlyCount "56"]
[EventDate "2022.07.24"]
[EventType "swiss"]
[EventRounds "9"]
[EventCountry "ESP"]
[SourceTitle "Ajedrez en Madrid"]
[Source "lmi"]
[SourceDate "2022.07.24"]
[SourceVersion "1"]
[SourceVersionDate "2022.08.06"]
[SourceQuality "1"]

1. c4 e5 2. g3 f5 3. Bg2 Nf6 4. Nc3 d6 5. e3 Be7 6. Nge2 O-O 7. O-O Qe8 8. d3
c6 9. b4 Na6 10. b5 Nc7 11. bxc6 bxc6 12. f4 e4 13. dxe4 fxe4 14. Rb1 d5 15.
cxd5 cxd5 16. Qb3 Ba6 17. Re1 Bd3 18. Rb2 Rb8 19. Qxb8 Qxb8 20. Rxb8 Rxb8 21.
Nd4 Bb4 22. Bb2 Ba6 23. Nxe4 dxe4 24. Bxe4 Nfd5 25. Nb3 Rc8 26. Nd4 Rb8 27. Nb3
Rc8 28. Nd4 Rb8 1/2-1/2

[Event "10. Torneo I. Cidade de Pontevedra 2022"]
[Site "Pontevedra ESP"]
[Date "2022.07.25"]
[Round "2.21"]
[White "Reza Salgado, Marcos"]
[Black "Ruck, Robert"]
[Result "0-1"]
[WhiteElo "1790"]
[BlackElo "2544"]
[PlyCount "55"]
[EventDate "2022.07.24"]
[EventType "swiss"]
[EventRounds "9"]
[EventCountry "ESP"]
[SourceTitle "Ajedrez en Madrid"]
[Source "lmi"]
[SourceDate "2022.07.24"]
[SourceVersion "1"]
[SourceVersionDate "2022.08.06"]
[SourceQuality "1"]

1. Nf3 d5 2. g3 Nf6 3. Bg2 Bg4 4. c4 e6 5. Qb3 Qc8 6. Ne5 c6 7. Nxg4 Nxg4 8.
O-O Nd7 9. d3 Be7 10. Nd2 O-O 11. Rb1 a5 12. Qc3 b5 13. Qc2 f5 14. Nb3 Ra7 15.
Nd4 bxc4 16. Nxe6 Rf6 17. Nf4 Nb6 18. dxc4 dxc4 19. h3 Ne5 20. Be3 Bd8 21. Rbd1
Raf7 22. Qc3 Qb8 23. Rxd8+ Qxd8 24. Qxe5 Nd7 25. Qd4 Qb6 26. Qxc4 Qxb2 27. Bd4
Ne5 28. Qxf7+ 0-1

[Event "10. Torneo I. Cidade de Pontevedra 2022"]
[Site "Pontevedra ESP"]
[Date "2022.07.25"]
[Round "2.22"]
[White "Persson, Andreas"]
[Black "Alvarez Dominguez, Breixo"]
[Result "1-0"]
[WhiteElo "2154"]
[BlackElo "2026"]
[PlyCount "119"]
[EventDate "2022.07.24"]
[EventType "swiss"]
[EventRounds "9"]
[EventCountry "ESP"]
[SourceTitle "Ajedrez en Madrid"]
[Source "lmi"]
[SourceDate "2022.07.24"]
[SourceVersion "1"]
[SourceVersionDate "2022.08.06"]
[SourceQuality "1"]

1. d4 Nf6 2. Nf3 e6 3. g3 c5 4. Bg2 Nc6 5. O-O d5 6. c4 dxc4 7. Ne5 Bd7 8. Na3
cxd4 9. Naxc4 Be7 10. Qb3 Qc7 11. Bf4 Nh5 12. Nxc6 Nxf4 13. Nxe7 Nxg2 14. Rac1
Kxe7 15. Qa3+ Kf6 16. Rfd1 e5 17. Ne3 Qd8 18. Qd6+ Be6 19. Ng4+ Kg6 20. Nxe5+
Kf5 21. Nxf7 Qxd6 22. Nxd6+ Ke5 23. Nxb7 Rhc8 24. Nc5 Bd5 25. b4 h5 26. f4+ Kd6
27. Rxd4 Ne3 28. Rc3 Re8 29. Rdd3 Rab8 30. a3 a5 31. Rxe3 axb4 32. axb4 Rxe3
33. Rxe3 Rxb4 34. Nd3 Rb1+ 35. Kf2 h4 36. Ne1 Rb8 37. gxh4 Rf8 38. Kg3 Rf6 39.
Nf3 Rf8 40. Re5 Rb8 41. Rg5 Rb7 42. Nd4 Be4 43. Nf5+ Kc6 44. Nxg7 Rb3+ 45. Kf2
Rh3 46. h5 Rxh2+ 47. Ke3 Bc2 48. Re5 Kd7 49. Ne8 Bb3 50. Nf6+ Kd6 51. Ne4+ Kc7
52. Nd2 Ba2 53. Nf3 Rh1 54. Kf2 Kd6 55. Kg2 Rc1 56. h6 Rc7 57. Ng5 Bg8 58. Kg3
Bh7 59. Kg4 Bc2 60. e4 1-0

[Event "10. Torneo I. Cidade de Pontevedra 2022"]
[Site "Pontevedra ESP"]
[Date "2022.07.25"]
[Round "2.23"]
[White "Roque Sola, Jose Luis"]
[Black "Alvarez Pampillon, Antonio"]
[Result "1/2-1/2"]
[WhiteElo "2098"]
[BlackElo "2019"]
[PlyCount "131"]
[EventDate "2022.07.24"]
[EventType "swiss"]
[EventRounds "9"]
[EventCountry "ESP"]
[SourceTitle "Ajedrez en Madrid"]
[Source "lmi"]
[SourceDate "2022.07.24"]
[SourceVersion "1"]
[SourceVersionDate "2022.08.06"]
[SourceQuality "1"]

1. e4 c5 2. Nf3 d6 3. d4 cxd4 4. Nxd4 Nf6 5. Nc3 g6 6. Bc4 Bg7 7. Bb3 O-O 8. f3
Nc6 9. Be3 Bd7 10. Qd2 Rc8 11. O-O Na5 12. Nd5 Nxb3 13. axb3 a6 14. Bh6 Bxh6
15. Qxh6 e5 16. Nxf6+ Qxf6 17. Ne2 Rxc2 18. Nc3 Be6 19. Rf2 Rxf2 20. Kxf2 Bxb3
21. Qe3 Qf4 22. Qxf4 exf4 23. Ne2 Rc8 24. Nd4 Be6 25. g3 Rc4 26. Rd1 Rb4 27.
Rd2 fxg3+ 28. hxg3 d5 29. Ke3 dxe4 30. Kxe4 Kf8 31. g4 Ke7 32. g5 Rc4 33. Rh2
Rc1 34. f4 Rg1 35. Rxh7 Rg2 36. b3 Rg3 37. b4 Kd6 38. Nxe6 Kxe6 39. Rh6 Ke7 40.
Kd5 Rb3 41. Kc4 Rf3 42. Rh4 b6 43. Kd5 a5 44. bxa5 bxa5 45. Ke4 Rb3 46. Rh8
Rb4+ 47. Ke5 Rb5+ 48. Ke4 Kd6 49. Rf8 Rf5 50. Rc8 Kd7 51. Rc4 Rb5 52. Kd3 Kd6
53. Ra4 Kc6 54. Kc3 Rc5+ 55. Kd4 Rf5 56. Kc3 Kb5 57. Kb3 Rd5 58. Re4 Rd3+ 59.
Kb2 Rd7 60. f5 gxf5 61. Re5+ Kb4 62. Rxf5 Ra7 63. Rf4+ Kc5 64. Rf6 Rb7+ 65. Kc2
Kc4 66. g6 1/2-1/2

[Event "10. Torneo I. Cidade de Pontevedra 2022"]
[Site "Pontevedra ESP"]
[Date "2022.07.25"]
[Round "2.24"]
[White "Vidal del Rio, Manuel"]
[Black "Martinez Garcia, Ruben"]
[Result "1/2-1/2"]
[WhiteElo "2092"]
[BlackElo "1992"]
[PlyCount "122"]
[EventDate "2022.07.24"]
[EventType "swiss"]
[EventRounds "9"]
[EventCountry "ESP"]
[SourceTitle "Ajedrez en Madrid"]
[Source "lmi"]
[SourceDate "2022.07.24"]
[SourceVersion "1"]
[SourceVersionDate "2022.08.06"]
[SourceQuality "1"]

1. e4 c5 2. Nf3 d6 3. Bb5+ Nc6 4. O-O Nf6 5. Re1 Bd7 6. c3 a6 7. Bf1 e5 8. d4
cxd4 9. cxd4 Bg4 10. d5 Nd4 11. Be3 Nxf3+ 12. gxf3 Bh5 13. Nd2 Be7 14. Qb3 Qd7
15. Rac1 O-O 16. Rc2 Ne8 17. Rec1 h6 18. a4 Bg5 19. Bxg5 hxg5 20. Nc4 Qe7 21.
Nb6 Rd8 22. Bh3 g6 23. Nc8 Qf6 24. Qe3 Qf4 25. Nb6 Qxe3 26. fxe3 Bxf3 27. Nd7
g4 28. Nxf8 gxh3 29. Rc8 Rxc8 30. Rxc8 Kxf8 31. Rb8 Bxe4 32. Rxb7 Bxd5 33. Rb6
Bc4 34. b3 Bd3 35. Kf2 Ke7 36. Kg3 Kd7 37. Rb7+ Nc7 38. Kxh3 Kc6 39. Rb8 Nd5
40. Rf8 Bc2 41. Rc8+ Nc7 42. Rb8 Bd1 43. Kg3 Nd5 44. Kf2 Kc7 45. Rf8 Bxb3 46.
Rxf7+ Kc6 47. Rg7 Bxa4 48. Rxg6 Bc2 49. Rg1 a5 50. h4 a4 51. h5 Kb5 52. Ke2 a3
53. Kd2 Be4 54. h6 a2 55. Ra1 Nb4 56. Kc3 Bb1 57. Kb2 Nd3+ 58. Kc3 Nb4 59. Kb2
Nd3+ 60. Kc3 Nc1 61. Kb2 Nd3+ 1/2-1/2

[Event "10. Torneo I. Cidade de Pontevedra 2022"]
[Site "Pontevedra ESP"]
[Date "2022.07.25"]
[Round "2.25"]
[White "Baldus Martin, Juan"]
[Black "Otero Nogueira, Brais"]
[Result "0-1"]
[WhiteElo "2007"]
[BlackElo "2076"]
[PlyCount "102"]
[EventDate "2022.07.24"]
[EventType "swiss"]
[EventRounds "9"]
[EventCountry "ESP"]
[SourceTitle "Ajedrez en Madrid"]
[Source "lmi"]
[SourceDate "2022.07.24"]
[SourceVersion "1"]
[SourceVersionDate "2022.08.06"]
[SourceQuality "1"]

1. d4 c5 2. d5 g6 3. c4 Bg7 4. Nc3 d6 5. Nf3 Nf6 6. e4 O-O 7. h3 b5 8. cxb5 a6
9. bxa6 Qa5 10. Bd2 Bxa6 11. Bxa6 Qxa6 12. Qe2 Nbd7 13. Qxa6 Rxa6 14. Bc1 Rb8
15. Kd1 c4 16. Nd2 Nc5 17. f3 Nd3 18. Kc2 Nb4+ 19. Kd1 Rc8 20. a3 Nh5 21. g4
Nf4 22. Nf1 Nfd3 23. Rh2 Nxc1 24. Kxc1 Nd3+ 25. Kc2 Be5 26. Rd2 Rb6 27. Rb1 Nc5
28. Ne3 Nb3 29. Rf2 Bf4 30. Ng2 Bg3 31. Rff1 Nd4+ 32. Kd2 Rcb8 33. Ke3 Be5 34.
f4 Bg7 35. a4 Nb3 36. Nh4 Bd4+ 37. Ke2 Bxc3 38. bxc3 Nd4+ 39. cxd4 Rxb1 40.
Rxb1 Rxb1 41. Nf3 Ra1 42. g5 Rxa4 43. Nd2 Ra2 44. Kd1 c3 45. Nb3 Rh2 46. Na5
Rxh3 47. Kc2 Rf3 48. f5 gxf5 49. exf5 Rg3 50. f6 Kf8 51. fxe7+ Kxe7 0-1

[Event "10. Torneo I. Cidade de Pontevedra 2022"]
[Site "Pontevedra ESP"]
[Date "2022.07.25"]
[Round "2.26"]
[White "Macqueron, Gregory"]
[Black "Pintor, Simao Maciel Abranc"]
[Result "1/2-1/2"]
[WhiteElo "1936"]
[BlackElo "2062"]
[PlyCount "83"]
[EventDate "2022.07.24"]
[EventType "swiss"]
[EventRounds "9"]
[EventCountry "ESP"]
[SourceTitle "Ajedrez en Madrid"]
[Source "lmi"]
[SourceDate "2022.07.24"]
[SourceVersion "1"]
[SourceVersionDate "2022.08.06"]
[SourceQuality "1"]

1. Nc3 c5 2. e4 Nc6 3. f4 g6 4. Nf3 Bg7 5. a3 b6 6. Bc4 e6 7. e5 Nge7 8. Ne4
Nf5 9. O-O O-O 10. c3 d5 11. exd6 Nxd6 12. Nxd6 Qxd6 13. Ng5 Na5 14. Be2 Bb7
15. b4 Nc6 16. Ne4 Qe7 17. bxc5 bxc5 18. Qa4 Nd4 19. Bd3 Rfd8 20. Rb1 f5 21.
Nf2 Bc6 22. Qa6 Qd7 23. Bc4 Rab8 24. Rxb8 Rxb8 25. cxd4 Bxd4 26. Re1 Rb6 27.
Rxe6 Kg7 28. Qa5 Bxf2+ 29. Kxf2 Qd4+ 30. Kg3 Qxc4 31. Qxa7+ Kh6 32. Qxb6 Qxe6
33. Qd8 Qe1+ 34. Kh3 Qxc1 35. Qg5+ Kg7 36. Qe7+ Kg8 37. Qe6+ Kf8 38. Qf6+ Kg8
39. Qe6+ Kg7 40. Qe7+ Kg8 41. Qe6+ Kg7 42. Qe7+ 1/2-1/2

[Event "10. Torneo I. Cidade de Pontevedra 2022"]
[Site "Pontevedra ESP"]
[Date "2022.07.25"]
[Round "2.27"]
[White "Martin Andres, Carlos"]
[Black "Mosca, Leonildo"]
[Result "0-1"]
[WhiteElo "1924"]
[BlackElo "2050"]
[PlyCount "66"]
[EventDate "2022.07.24"]
[EventType "swiss"]
[EventRounds "9"]
[EventCountry "ESP"]
[SourceTitle "Ajedrez en Madrid"]
[Source "lmi"]
[SourceDate "2022.07.24"]
[SourceVersion "1"]
[SourceVersionDate "2022.08.06"]
[SourceQuality "1"]

1. e4 Nf6 2. e5 Nd5 3. d4 d6 4. Nf3 dxe5 5. Nxe5 c6 6. Bc4 Nd7 7. Nc3 Nxe5 8.
dxe5 Be6 9. O-O Nxc3 10. Qxd8+ Rxd8 11. Bxe6 Ne2+ 12. Kh1 fxe6 13. f4 Nxc1 14.
Raxc1 g6 15. g3 Bg7 16. Rcd1 Rd7 17. Kg2 Kd8 18. Kf3 Kc7 19. Rxd7+ Kxd7 20.
Rd1+ Kc7 21. Ke4 Rd8 22. Rxd8 Kxd8 23. Kd4 Kc7 24. h4 b6 25. g4 c5+ 26. Kd3 b5
27. c3 c4+ 28. Kd4 Kc6 29. b3 cxb3 30. axb3 a5 31. c4 Bh8 32. Kd3 Kc5 33. Kc3
bxc4 0-1

[Event "10. Torneo I. Cidade de Pontevedra 2022"]
[Site "Pontevedra ESP"]
[Date "2022.07.25"]
[Round "2.28"]
[White "Pastor Alonso De Prado, Alberto"]
[Black "Bastos Gonzalez, Gonzalo"]
[Result "1-0"]
[WhiteElo "2050"]
[BlackElo "1946"]
[PlyCount "105"]
[EventDate "2022.07.24"]
[EventType "swiss"]
[EventRounds "9"]
[EventCountry "ESP"]
[SourceTitle "Ajedrez en Madrid"]
[Source "lmi"]
[SourceDate "2022.07.24"]
[SourceVersion "1"]
[SourceVersionDate "2022.08.06"]
[SourceQuality "1"]

1. Nf3 Nf6 2. d4 e6 3. g3 c5 4. Bg2 cxd4 5. Nxd4 d5 6. O-O e5 7. Nb3 Nc6 8. c4
d4 9. e3 Bg4 10. f3 Be6 11. exd4 exd4 12. Re1 Bb4 13. N1d2 O-O 14. a3 Be7 15.
Bf1 Qb6 16. Bd3 a5 17. Rb1 Rac8 18. Nf1 Rfd8 19. Nbd2 h6 20. Kg2 Qc7 21. Qe2
Qd7 22. Ne4 Bh3+ 23. Kg1 Re8 24. Nfd2 Bf8 25. Nxf6+ gxf6 26. Qd1 Rxe1+ 27. Qxe1
f5 28. Nf1 Re8 29. Qd1 Ne5 30. Bf4 Ng6 31. Qd2 Qc6 32. Kf2 h5 33. b4 Nxf4 34.
Qxf4 Bh6 35. Qh4 Be3+ 36. Nxe3 dxe3+ 37. Ke2 Bg4 38. Qg5+ Kf8 39. Qf4 axb4 40.
axb4 Qa6 41. Qd4 Qc6 42. Qh8+ Ke7 43. Qe5+ Kf8 44. Qc5+ Qxc5 45. bxc5 Bh3 46.
Rxb7 Rc8 47. Rb5 Ra8 48. c6 Ra2+ 49. Kxe3 Rxh2 50. Kf4 Rf2 51. c7 Bg4 52. c8=Q+
Kg7 53. Be2 1-0

[Event "10. Torneo I. Cidade de Pontevedra 2022"]
[Site "Pontevedra ESP"]
[Date "2022.07.25"]
[Round "2.29"]
[White "Roque Sola, Andrea"]
[Black "Andias, Joao Pedro Menezes"]
[Result "1/2-1/2"]
[WhiteElo "1913"]
[BlackElo "2045"]
[PlyCount "56"]
[EventDate "2022.07.24"]
[EventType "swiss"]
[EventRounds "9"]
[EventCountry "ESP"]
[SourceTitle "Ajedrez en Madrid"]
[Source "lmi"]
[SourceDate "2022.07.24"]
[SourceVersion "1"]
[SourceVersionDate "2022.08.06"]
[SourceQuality "1"]

1. c4 g6 2. g3 Bg7 3. Bg2 d6 4. Nc3 e5 5. e3 Nc6 6. Nge2 h5 7. h4 Bg4 8. d3 Qd7
9. a3 a5 10. Qc2 Nge7 11. Nd5 O-O 12. Nec3 Rae8 13. Bd2 Nd4 14. exd4 exd4 15.
O-O dxc3 16. Bxc3 Nxd5 17. Bxg7 Re2 18. Qb3 Kxg7 19. Bxd5 b6 20. Qc3+ f6 21.
Rae1 Rfe8 22. Rxe2 Rxe2 23. Re1 Qe7 24. Rxe2 Qxe2 25. d4 Be6 26. Bxe6 Qxe6 27.
b3 Kh6 28. Qe3+ Qxe3 1/2-1/2